حياة الزواحف و البرمائيات : (رقم التسجيلة. 34136)

تفاصيل مارك
000 -LEADER
fixed length control field 00663nam a22001817a 4500
005 - DATE AND TIME OF LATEST TRANSACTION
control field 20251108165907.0
008 - FIXED-LENGTH DATA ELEMENTS--GENERAL INFORMATION
fixed length control field 250721s9999 xx 000 0 ara d
082 14 - DEWEY DECIMAL CLASSIFICATION NUMBER
Classification number ط/598.1/بير
100 1# - MAIN ENTRY--PERSONAL NAME
Personal name بيرتون، موريس
245 10 - TITLE STATEMENT
Title حياة الزواحف و البرمائيات :
Remainder of title مقدمة بسيطة عن حياة الزواحف و البرمائيات /
264 1# - PRODUCTION, PUBLICATION, DISTRIBUTION, MANUFACTURE, AND COPYRIGHT NOTICE
Place of production, publication, distribution, manufacture القاهرة :
Name of producer, publisher, distributor, manufacturer الهيئة المصرية العامة للكتاب،
Date of production, publication, distribution, manufacture, or copyright notice [19-].
300 ## - PHYSICAL DESCRIPTION
Extent 61ص : مص
650 17 - SUBJECT ADDED ENTRY--TOPICAL TERM
Topical term or geographic name as entry element الزواحف
700 1# - ADDED ENTRY--PERSONAL NAME
Personal name بيرتون، روبرت
700 1# - ADDED ENTRY--PERSONAL NAME
Personal name الطوبي، محمد رشاد
Relator term ترجمة
942 ## - ADDED ENTRY ELEMENTS (KOHA)
Source of classification or shelving scheme Dewey Decimal Classification
Koha item type كتب
المقتنيات
حالة السحب حالة الفقدان مصدر التصنيف حالة التلف غير قابل للإعارة المكتبة الرئيسية المكتبة الحالية موقع الرف تاريخ التزويد الرقم المتسلسل Total Checkouts رقم الإستدعاء تاريخ آخر ظهور تاريخ الفاتورة نوع المادة (كوها)
    Dewey Decimal Classification Unchecked   مكتبة الحسن العامة مكتبة الحسن العامة الأطفال 06/07/2004 1434   ط/598.1/بير 28/07/2025 06/07/2004 كتب
    Dewey Decimal Classification Unchecked   مكتبة الحسن العامة مكتبة الحسن العامة الأطفال 06/07/2004 89   ط/598.1/بير 28/07/2025 06/07/2004 كتب
Implemented & Customized by: BBB with SCIT (Smart Chains for Information Technology)

Powered by Koha